[Event "GER-ch U25 op-B"]
[Site "Oberhof"]
[Date "2012.06.02"]
[Round "9"]
[White "Piontek, Oliver"]
[Black "Muedder, Melanie"]
[Result "1-0"]
[WhiteElo "748"]
[BlackElo "761"]
[PlyCount "89"]
[EventDate "2012.05.27"]
[EventType "swiss"]
[EventRounds "9"]
[EventCountry "GER"]
[SourceTitle "CBM 148 Extra"]
[Source "ChessBase"]
[SourceDate "2012.06.22"]
[SourceVersion "1"]
[SourceVersionDate "2012.06.22"]
[SourceQuality "1"]

1. d4 d5 2. Bf4 Nc6 3. Nc3 Nf6 4. Nb5 e5 5. dxe5 Nh5 6. Qd2 a6 7. Nd4 Nxd4 8. Qxd4 Nxf4 9. Qxf4 Bc5 10. e3 d4 11. 0-0-0 0-0 12. exd4 Bb6 13. Nf3 Re8 14. Bc4 Be6 15. Bxe6 Rxe6 16. Ng5 Rc6 17. Qxf7+ Kh8 18. Qb3 Qxg5+ 19. Qe3 Qd8 20. Qe4 Qe7 21. d5 Rc5 22. d6 cxd6 23. Rxd6 Ba5 24. c3 Rd8 25. Rhd1 Bc7 26. R6d5 Qg5+ 27. f4 Qh4 28. Rxc5 Rxd1+ 29. Kxd1 Qh5+ 30. Qf3 Qe8 31. Rxc7 Qd8+ 32. Ke2 Qxc7 33. Ke1 Qf7 34. Qd3 h6 35. g4 Qxa2 36. Qd8+ Kh7 37. Qd3+ g6 38. Qd7+ Kh8 39. Qe8+ Kh7 40. Qe7+ Kh8 41. Qf8+ Kh7 42. Qe7+ Kh8 43. Qxb7 Qa1+ 44. Kd2 Qh1 45. Qxh1 1-0

[Event "GER-ch U25 op-B"]
[Site "Oberhof"]
[Date "2012.05.31"]
[Round "7"]
[White "Piontek, Oliver"]
[Black "Niewrzol, Anton"]
[Result "1/2-1/2"]
[WhiteElo "748"]
[BlackElo "896"]
[PlyCount "79"]
[EventDate "2012.05.27"]
[EventType "swiss"]
[EventRounds "9"]
[EventCountry "GER"]
[SourceTitle "CBM 148 Extra"]
[Source "ChessBase"]
[SourceDate "2012.06.22"]
[SourceVersion "1"]
[SourceVersionDate "2012.06.22"]
[SourceQuality "1"]

1. d4 d5 2. Bf4 Nf6 3. e3 Nc6 4. Nc3 e6 5. Nb5 Bd6 6. Bxd6 cxd6 7. Nc3 e5 8. Bb5 0-0 9. Bxc6 bxc6 10. Nf3 Bg4 11. h3 Bh5 12. g4 Bg6 13. dxe5 Ne4 14. Nxe4 dxe4 15. Nd4 Qa5+ 16. Qd2 Qxd2+ 17. Kxd2 c5 18. Nc6 dxe5 19. Nxe5 Rad8+ 20. Ke2 f5 21. Nxg6 hxg6 22. gxf5 Rxf5 23. Rhg1 Rdf8 24. Raf1 Rd5 25. Rxg6 Rfd8 26. Re1 Rd2+ 27. Kf1 Rf8 28. Re2 Rd1+ 29. Re1 Rd2 30. Re2 Rfd8 31. Rxd2 Rxd2 32. h4 Rxc2 33. a4 Rxb2 34. h5 Kh7 35. Rc6 Rc2 36. Rc7 c4 37. Rxa7 c3 38. Ke1 Rc1+ 39. Ke2 Rc2+ 40. Kd1 1/2-1/2

[Event "GER-ch U25 op-B"]
[Site "Oberhof"]
[Date "2012.05.29"]
[Round "4"]
[White "Piontek, Oliver"]
[Black "Lange, Alina"]
[Result "1-0"]
[WhiteElo "748"]
[BlackElo "859"]
[PlyCount "87"]
[EventDate "2012.05.27"]
[EventType "swiss"]
[EventRounds "9"]
[EventCountry "GER"]
[SourceTitle "CBM 148 Extra"]
[Source "ChessBase"]
[SourceDate "2012.06.22"]
[SourceVersion "1"]
[SourceVersionDate "2012.06.22"]
[SourceQuality "1"]

1. d4 d6 2. e4 g6 3. Nf3 Bg7 4. Bc4 Bd7 5. Ng5 e6 6. Qf3 f6 7. Bxe6 Bxe6 8. Nxe6 Qd7 9. Nxg7+ Qxg7 10. e5 dxe5 11. Qxb7 Nc6 12. Qxa8+ Nd8 13. dxe5 fxe5 14. 0-0 Nf6 15. Bg5 0-0 16. Bxf6 Qxf6 17. Nc3 Nc6 18. Qb7 Nd4 19. Qd5+ Kh8 20. Rae1 Re8 21. Ne4 Qf5 22. Ng3 Qg5 23. f4 Qf6 24. fxe5 Rxe5 25. Rxe5 Qh4 26. Re8+ Kg7 27. Qe5+ Kh6 28. Qe3+ Kg7 29. Re7+ Kg8 30. Rf4 Qh6 31. Rf8+ Qxf8 32. c3 Nf5 33. Qe6+ Kh8 34. Re8 Qxe8 35. Qxe8+ Kg7 36. Nxf5+ gxf5 37. Qd7+ Kf6 38. Qxc7 a6 39. Qc6+ Kg5 40. Qxa6 h5 41. b4 h4 42. Qa5 Kg4 43. h3+ Kg3 44. Qe5+ 1-0